Statistiken für Kader - Hertha BSC Berlin 2020/2021

Klicken Sie hier um das Quiz zu spielen!

Allgemein

  • Dieses Quiz wurde 97 mal gespielt
  • Das Durchschnittsergebnis liegt bei 17 aus 29

Antwortstatistiken

#PositionAntwort% Korrekt
5IVNiklas Stark
93%
22TWRune Jarstein
93%
21LVMarvin Plattenhardt
92%
2RVPeter Pekarik
87%
1TWAlexander Schwolow
86%
17LVMaximilian Mittelstädt
83%
20IVDedryck Boyata
82%
6ZMVladimir Darida
76%
29ZDMLucas Tousart
75%
9STKrzysztof Piatek
69%
31IVMárton Dárdai
69%
11RMDodi Lukebakio
67%
15STJhon Córdoba
65%
42RVDeyovaisio Zeefuik
63%
10STMatheus Cunha
60%
25IVJordan Torunarigha
58%
18ZDMSantiago Ascacibar
55%
13RVLukas Klünter
53%
16LMJavairo Dilrosun
52%
32LVLuca Netz
46%
12TWNils-Jonathan Körber
45%
8ZMMatteo Guendouzi
43%
7RMMathew Leckie
42%
33STDaishawn Redan
39%
27STJessic Ngankam
37%
28ZMSami Khedira
33%
14IVOmar Alderete
31%
24LMNemanja Radonjic
28%
23ZMEduard Löwen
20%

Verteilung der Resultate

Perzentil nach korrekt beantworteten Fragen

Anzahl Personen mit jedem Resultat

Ihre Resultats-Entwicklung

Sie haben dieses Quiz noch nicht gespielt